| 000 | 01047nam a2200253Ia 4500 | ||
|---|---|---|---|
| 001 | 831-HAR au gr (16929) | ||
| 003 | IT-MiSPE | ||
| 008 | 171229s9999||||xx |||||||||||||| ||und|| | ||
| 040 |
_aIT-MiSPE _cIT-MiSPE |
||
| 041 | _aITALIANO | ||
| 100 | _aHartmann von Aue | ||
| 240 | _aGregorius; Der arme Heinrich | ||
| 245 | 0 | _aGregorio; Il povero Enrico | |
| 250 | _a1a ed. (v) | ||
| 260 |
_aTorino _bEinaudi _c1989 |
||
| 300 |
_aXXVIII, 291 p. _c22 cm |
||
| 490 | _aI millenni | ||
| 501 | _aEdizioni San Paolo srl - Piazza Soncino, 5 - 20092 CINISELLO BALSAMO (MI) (non commercial uses only) ® Copyright 2018 | ||
| 520 | _aEd. bilingue | ||
| 700 | _aLaura Mancinelli | ||
| 942 | _cBK | ||
| 957 | _71 | ||
| 999 |
_a3312 _bNO _g Copie: 1 _c353029 _d353029 |
||